biographical texts from ramessid egypt : /

محفوظ في:

المؤلف الرئيسي: frood, elizabeth

التنسيق: كتاب

اللغة: Undetermined

منشور في: atlanta : society of biBLical literature, 2007.

سلاسل: writings from the ancient world; 26

الموضوعات:

الوسوم: إضافة وسم

لا توجد وسوم, كن أول من يضع وسما على هذه التسجيلة!

رقم الطلب: DT87 .F76

LEADER 00713nam a2200181Ia 4500
008 220401s9999||||xx |||||||||||||| ||und||
020 |a 9781589832107 
050 4 |a DT87 .F76 
100 1 |a frood, elizabeth 
245 1 0 |a biographical texts from ramessid egypt :  |b  /  |c elizabeth frood. 
264 1 |a atlanta :  |b society of biBLical literature,  |c 2007. 
300 |a xix, 301p. :  |b ill., map ;  |c 23cm. 
490 0 |a writings from the ancient world; 26 
500 |a includes biBLiographical references and index. 
650 1 4 |a egypt civilization to 332 b.c.. 
942 |2 lcc  |c BK 
952 |0 0  |1 0  |2 lcc  |4 0  |6 DT0087 F76  |7 1  |9 39526  |a ARCE  |b ARCE  |d 2022-04-01  |l 0  |o DT87 .F76  |p 1000726  |r 2022-04-01 00:00:00  |w 2022-04-01  |y BK 
999 |c 47107  |d 47107